Gradazioni di colore - Marrone - Statistics

Statistiche generali
  • Questo quiz è stato fatto 22 volte
  • Il punteggio medio è 4 su 33
Statistiche sulle risposte
Colore Gradazione % Corretto
Marrone Ocra
71%
Marrone Beige
67%
Marrone Terra di Siena
43%
Marrone Mogano
38%
Marrone Bordeaux
24%
Marrone Sabbia
24%
Marrone Castano
19%
Marrone Ruggine
19%
Marrone Cachi
14%
Marrone Cachi chiaro
14%
Marrone Cachi scuro
14%
Marrone Écru
14%
Marrone Tronco
10%
Marrone Camoscio
5%
Marrone Fegato
5%
Marrone Grano
5%
Marrone Maggese
5%
Marrone Rame
5%
Marrone Tanno
5%
Marrone Tenné
5%
Marrone Terra d'ombra
5%
Marrone Bistro
0%
Marrone Borgogna
0%
Marrone Bruno Van Dyck
0%
Marrone Marrone foca
0%
Marrone Marrone pastello
0%
Marrone Rossiccio
0%
Marrone Seppia
0%
Marrone Talpa
0%
Marrone Talpa chiaro
0%
Marrone Talpa medio
0%
Marrone Talpa sabbia
0%
Marrone Terra di Cassel
0%
Nessun quiz corrispondente trovato
Distribuzione punteggi
Percentuale di utenti per punteggio
Percentile per numero di risposta
I tuoi punteggi nel tempo
Non hai fatto questo quiz